| 000 | 00412nam a2200145Ia 4500 | ||
|---|---|---|---|
| 008 | 170224s9999 xx 000 0 und d | ||
| 100 | _aMatthew Lamont | ||
| 245 | _aTourism and cricket: travels to the boundary | ||
| 245 | _cMatthew Lamont | ||
| 260 | _bJournal of Policy Research in Tourism, Leisure and Events | ||
| 260 | _c2016 | ||
| 300 | _a8:2, Pages: 221-223 | ||
| 500 | _a2016 | ||
| 650 | _xTourism. | ||
| 999 |
_c315638 _d315638 |
||